Ч. 3 : Секция "Электронные явления при низких температурах"; XXV Всесоюзное совещание по физике низких температур

Библиографические подробности
Источник:XXV Всесоюзное совещание по физике низких температур: тезисы докладов, Ленинград, 25-27 октября 1988 г./ Академия наук СССР (АН СССР), Физико-технический институт им. А. Ф. Иоффе (ФТИ). Ч. 3 : Секция "Электронные явления при низких температурах".— , 1988
Язык:русский
Опубликовано: 1988
Предметы:
Формат: MixedMaterials Книга
Запись в KOHA:https://koha.lib.tpu.ru/cgi-bin/koha/opac-detail.pl?biblionumber=247706

MARC

LEADER 00000nam2a2200000 4500
001 247706
005 20231031212144.0
020 |a RU  |b 88-74602 
035 |a (RuTPU)RU\TPU\book\269290 
090 |a 247706 
100 |a 20140113d1988 k y0rusy5003 ca 
101 0 |a rus 
102 |a RU 
105 |a a z 101zy 
200 0 |a Ч. 3 : Секция "Электронные явления при низких температурах" 
210 |d 1988 
215 |a 211 с.  |c граф. 
320 |a Библиография в конце статей 
461 1 |0 (RuTPU)RU\TPU\book\279788  |t XXV Всесоюзное совещание по физике низких температур  |o тезисы докладов, Ленинград, 25-27 октября 1988 г.  |f Академия наук СССР (АН СССР), Физико-технический институт им. А. Ф. Иоффе (ФТИ)  |v Ч. 3 : Секция "Электронные явления при низких температурах"  |d 1988 
606 1 |a Температуры низкие  |x Измерение  |2 stltpush  |3 (RuTPU)RU\TPU\subj\59399 
610 1 |a криогенная электроника 
610 1 |a теплофизика 
610 1 |a физика 
610 1 |a постоянный ток 
610 1 |a электронные состояния 
610 1 |a совещания 
675 |a 536.48(063)  |v 3 
801 0 |a RU  |b RuMRKP  |c 19950417  |g psbo 
801 1 |a RU  |b 63413507  |c 20140113 
801 2 |a RU  |b 63413507  |c 20150130  |g RCR 
942 |c BK